Responses for Show #3733 - Wednesday, November 22, 2000

Contestants

[<< previous game]

James Rocchi, a film critic and writer from Santa Cruz, California

Heather Derby, an ad agency account executive from Boston, Massachusetts

Bob Ryan, a certified public accountant from Gig Harbor, Washington (whose 2-day cash winnings total $22,301)

[next game >>]

Jeopardy! Round responses

THE ROARING '20s
MOVIE QUOTES
(Alex: We want you to identify the film.)
NEBRASKA, GOD'S COUNTRY
THAT'S MY WEAPON
"ATTLE" FIELD
STUPID ANSWERS
    $100 6
Miss America

Bob
    $100 1
Apocalypse Now

Bob
    $100 26
University of Nebraska

Bob
    $100 21
Bowie knife

Bob
    $100 11
Cattle

Bob
    $100 16
4

James
    $200 7
(B: What is "Mame?")

"California, Here I Come"

Bob
Triple Stumper
    $200 2
A League of Their Own

James
    $200 27
Bob Kerrey

Bob
    $200 22
Derringer

Bob
    $200 12
Rattle

James
    $200 17
Life

Bob
    $300 8
60

Bob
    $300 3
The Godfather

James
    $300 28
"O Pioneers!"

James
    $300 23
Samuel Colt

Bob
    $300 13
Tattle

Heather
    $300 18
Antepenultimate

James
    $400 9
(Alex: Upon the death of President Harding.)

Calvin Coolidge

Bob
    $400 4
(Alex: Gene Hackman, yes.)

Unforgiven

James
    $400 29
Thomas Edison

James
    $700 24
Thompson submachine gun ("Tommy Gun")

Bob
    $400 14
(Alex: Good city!)

Seattle

James
    $400 19
James Caan

Heather
    $500 10
(H: Who is Ford?)

Walter Chrysler

Heather
Triple Stumper
    $500 5
(Alex: Pretty good Kate Hepburn (imitation), huh?)

On Golden Pond

Bob
    $500 30
(B: What are flash cards?)

CliffsNotes

BobHeather
    $500 25
(less than a minute to go...)

Winchester

Bob
    $500 15
Prattle

Heather
    $500 20
Shampoo & conditioner

Bob

Scores at the first commercial break (after clue 15):

Bob Heather James
$1,300 $300 $1,500

Scores at the end of the Jeopardy! Round:

Bob Heather James
$3,600 $1,200 $2,600

Double Jeopardy! Round responses

THIRD PARTY CANDIDATES
(Alex: We want you to identify the nominee for president.)
WOMEN IN SPORTS
WORLD LIT
THEY CAME FROM TOLEDO
TREES
THE "FAB" FIVE
    $200 2
H. Ross Perot

Heather
    $200 26
Rose Bowl

Bob
    $200 1
Vaclav Havel

James
    $200 19
(J: Who is Klinger...Jamie Farr?)

Jamie Farr

James
    $200 12
Oak

Heather
    $200 9
Fabio

James
    $400 4
(H: Who is Anderson?)

George Wallace

BobHeather
    $400 27
(H: What is ice skating?)
(J: What is eurhythmics?)

Gymnastics

HeatherJames
Triple Stumper
    $400 3
Ireland

James
    $400 20
Scott Hamilton

Heather
    $400 13
Christmas tree

Bob
    $400 10
Peter Carl Faberge

Bob
    $800 8
(J: Who is someone I couldn't identify in a million years?!)

Strom Thurmond

James
    $600 28
Stanford

Bob
    $800 5
(B: No response)

Alexandria

Bob
    $600 21
Gloria Steinem

Bob
    $600 16
Pines

Heather
    $600 11
Absolutely Fabulous

Heather
    $800 24
(minute to go...)

Eugene V. Debs

James
    $800 29
Softball

Heather
    $800 6
New Zealand

James
    $800 22
P.J. O'Rourke

James
    $800 17
Sycamore

James
    $800 14
Fabrication

James
    $1000 25
Theodore Roosevelt

Bob
    $1000 30
Karrie Webb

Triple Stumper
    $1000 7
Argentina

James
    $1000 23
(Alex: That was during my time!)

Teresa Brewer

Triple Stumper
    $1000 18
(J: What is an elm?)

Bay

BobJames
    $1000 15
The Fabian Society

James

Scores at the end of the Double Jeopardy! Round:

Bob Heather James
$7,400 $3,200 $7,400

[wagering suggestions for these scores]

Final Jeopardy! Round responses

HISTORIC NAMES
HeatherWho is Jefferson Davis?
$3,000
JamesWho is John Brown
$3,752
BobWho is John Brown?
$6,000
John Brown

Final scores:

Bob Heather James
$13,400 $200 $11,152
3-day champion: $35,701 3rd place: Natural Wonders Gift Certificate 2nd place: Trip to London courtesy of Priceline.com

Game dynamics:

Coryat scores:

Bob Heather James
$7,900 $3,200 $8,200
23 R
(including 1 DD),
3 W
(including 1 DD)
10 R,
3 W
20 R,
3 W
(including 1 DD)

Combined Coryat: $19,300

[game clues] [game scores] [suggest correction]

Game tape date: 2000-09-28
The J! Archive is created by fans, for fans. Scraping, republication, monetization, and malicious use prohibited; this site may use cookies and collect identifying information. See terms. The Jeopardy! game show and all elements thereof, including but not limited to copyright and trademark thereto, are the property of Jeopardy Productions, Inc. and are protected under law. This website is not affiliated with, sponsored by, or operated by Jeopardy Productions, Inc. Join the discussion at JBoard.tv.